| 000 | 00754nam a2200241 4500 | ||
|---|---|---|---|
| 003 | OSt | ||
| 005 | 20240727013306.0 | ||
| 006 | a | ||
| 008 | 240727b |||||||| |||| 00| 0 eng d | ||
| 020 | _a9780470487716 | ||
| 040 |
_aDWCL-Main lib. _cOC |
||
| 082 | _aCirc. 005.57 D998o 2010 | ||
| 100 | _aDyszel, Bill | ||
| 245 | _aOutlook 2010 for dummies / | ||
| 260 |
_aHoboken. N.J. : _bWiley Pub. , Inc. , _cc2010. |
||
| 300 |
_axxiv, _b356 p. : ill. ; _c24 cm. |
||
| 504 | _aIncludes index. | ||
| 650 | _a1. Microsoft outlook. | ||
| 650 | _a2. Time management-Computer programs. | ||
| 650 | _a3. Personal information management-Computer programs. | ||
| 650 | _a 4. Electronic mail systems-Computer programs. | ||
| 942 |
_2ddc _n0 _cBK-CIRC _kCirc. |
||
| 999 |
_c2842 _d2842 |
||